|
|
|
|
| LEADER |
01312nam a2200397 4500 |
| 001 |
ocn819631527 |
| 003 |
OCoLC |
| 005 |
20170124071021.2 |
| 006 |
m o d |
| 007 |
cr ||||||||||| |
| 008 |
121128s2012 nju o 001 0 eng d |
| 040 |
|
|
|a YDXCP
|b eng
|c YDXCP
|d DG1
|d OHI
|d OCLCF
|d OCLCQ
|d DG1
|d GrThAP
|
| 020 |
|
|
|a 1118443152
|q (electronic bk.)
|
| 020 |
|
|
|a 9781118443156
|q (electronic bk.)
|
| 029 |
1 |
|
|a DEBBG
|b BV041829091
|
| 029 |
1 |
|
|a GBVCP
|b 790199963
|
| 029 |
1 |
|
|a NZ1
|b 14829552
|
| 029 |
1 |
|
|a NZ1
|b 15341074
|
| 035 |
|
|
|a (OCoLC)819631527
|
| 050 |
|
4 |
|a TK3001
|
| 082 |
0 |
4 |
|a 621.319
|2 23
|
| 049 |
|
|
|a MAIN
|
| 100 |
1 |
|
|a Hase, Yoshihide,
|d 1937-
|
| 245 |
1 |
0 |
|a Handbook of power systems engineering with power electronics applications.
|
| 264 |
|
1 |
|a Hoboken :
|b John Wiley,
|c 2012.
|
| 300 |
|
|
|a 1 online resource (xxviii, 768 pages)
|
| 336 |
|
|
|a text
|b txt
|2 rdacontent
|
| 337 |
|
|
|a computer
|b c
|2 rdamedia
|
| 338 |
|
|
|a online resource
|b cr
|2 rdacarrier
|
| 500 |
|
|
|a Second edition of: Handbook of power systems engineering.
|
| 500 |
|
|
|a Includes indexes.
|
| 650 |
|
0 |
|a Electric power systems.
|
| 650 |
|
7 |
|a Electric power systems.
|2 fast
|0 (OCoLC)fst00905529
|
| 655 |
|
4 |
|a Electronic books.
|
| 856 |
4 |
0 |
|u https://doi.org/10.1002/9781118443156
|z Full Text via HEAL-Link
|
| 994 |
|
|
|a 92
|b DG1
|